Κατάλογος Βιβλιοθηκών Mediterranean College

Εισαγωγή στη θεωρία παιγνίων / (Record no. 9990)

MARC details
000 -LEADER
fixed length control field 02688nam a22002657a 4500
003 - ΤΑΥΤΟΤΗΤΑ ΤΟΥ ΑΡΙΘΜΟΥ ΕΛΕΓΧΟΥ
Πεδίο ελέγχου GR-AtMCL
005 - ΗΜΕΡΟΜΗΝΙΑ ΚΑΙ ΩΡΑ ΤΕΛΕΥΤΑΙΑΣ ΕΝΗΜΕΡΩΣΗΣ
Πεδίο ελέγχου 20251217104020.0
006 - FIXED-LENGTH DATA ELEMENTS--ADDITIONAL MATERIAL CHARACTERISTICS
Πεδίο ελέγχου σταθερού μήκους a|||||r|||||||||||
008 - FIXED-LENGTH DATA ELEMENTS--GENERAL INFORMATION
Πεδίο ελέγχου σταθερού μήκους s2010||||gr a|||e b||| 001 gre d
020 ## - ISBN
ISBN 9789604613939
040 ## - ΠΗΓΗ ΚΑΤΑΛΟΓΟΓΡΑΦΗΣΗΣ
Φορέας πρωτότυπης καταλογογράφησης MC Athens Campus Library
Γλώσσα καταλογογράφησης Ελληνικά, Μοντέρνα (1453-)
Modifying agency MC Athens Campus Library
Κανόνες περιγραφικής καταλογογράφησης AACR2
041 1# - ΓΛΩΣΣΑ
Κωδικός γλώσσας πρωτότυπου Αγγλικά
100 ## - MAIN ENTRY--PERSONAL NAME
Personal name Osborne, Martin J.
9 (RLIN) 10183
245 10 - ΤΙΤΛΟΣ ΚΑΙ ΔΗΛΩΣΗ ΥΠΕΥΘΥΝΟΤΗΤΑΣ
Τίτλος Εισαγωγή στη θεωρία παιγνίων /
Statement of responsibility, etc. Martin J. Osborne ; [μετάφραση Φώτης Σκουλαρίκης]
260 ## - PUBLICATION, DISTRIBUTION, ETC.
Place of publication, distribution, etc. Αθήνα :
Name of publisher, distributor, etc. Κλειδάριθμος,
Date of publication, distribution, etc. 2010
300 ## - PHYSICAL DESCRIPTION
Extent 760 σ. :
Other physical details εικ. ;
Διαστάσεις 24 εκ.
500 ## - GENERAL NOTE
Γενική σημείωση Τίτλος πρωτοτύπου: An introduction to game theory
500 ## - GENERAL NOTE
Γενική σημείωση Το κείμενο είναι μεταφρασμένο από τα αγγλικά
504 ## - ΣΗΜΕΙΩΣΗ ΒΙΒΛΙΟΓΡΑΦΙΑΣ κλπ.
Σημείωση βιβλιογραφίας, κλπ. Βιβλιογραφία: σ. [725]-744
520 ## - SUMMARY, ETC.
Summary, etc. Η συλλογιστική της θεωρίας παιγνίων έχει διαποτίσει την οικονομική θεωρία και χρησιμοποιείται ευρέως σε άλλες κοινωνικές και συμπεριφορικές επιστήμες. Το βιβλίο αυτό παρουσιάζει τις κύριες ιδέες της θεωρίας παιγνίων και δείχνει πώς μπορούν αυτές να χρησιμοποιηθούν για την κατανόηση οικονομικών, κοινωνικών, πολιτικών, και βιολογικών φαινομένων. Δεν προϋποθέτει καμία γνώση οικονομικών, πολιτικών επιστημών, ή καμίας άλλης κοινωνικής ή συμπεριφορικής επιστήμης. Δίνει έμφαση στις ιδέες που υπάρχουν πίσω από τη θεωρία παιγνίων, και όχι στη μαθηματική αναπαράσταση τους, και δεν απαιτεί καμία συγκεκριμένη γνώση μαθηματικών πέρα από εκείνες που τυπικά διδάσκονται στα λύκεια. (...) Ο στόχος μου είναι να εκφράσω τις κύριες ιδέες της θεωρίας παιγνίων όσο το δυνατόν απλούστερα, διατηρώντας παράλληλα την πλήρη ακρίβεια όσο πια άνετα αισθάνεστε με την αυστηρή λογική ανάλυση, τόσο ευκολότερα θα βρείτε τα επιχειρήματα.
650 00 - SUBJECT ADDED ENTRY--TOPICAL TERM
Topical term or geographic name entry element Διοίκηση και οργάνωση
9 (RLIN) 10001
650 00 - SUBJECT ADDED ENTRY--TOPICAL TERM
Topical term or geographic name entry element Θεωρία παιγνίων
9 (RLIN) 10184
942 ## - ADDED ENTRY ELEMENTS (KOHA)
Koha item type Books
Holdings
Τύπος τεκμηρίου Βιβλιοθήκη Τρέχουσα τοποθεσία Barcode Αριθμός εισαγωγής Ημερομηνία απόκτησης Ταξιθετικό σύμβολο Αριθμός αντιτύπου Κατάσταση απόσυρσης Κατάσταση χαμένου Κατάσταση κατεστραμμένου Μη δανεισμός Σύνολο δανεισμών Ημερομηνία τελευταίας εμφάνισης Η τιμή ισχύει από
Books MC Athens Campus Library MC Athens Campus Library 9780000099945 8192 17/12/2025 519.3 OSB 1           17/12/2025 17/12/2025

MC Athens Campus Library
Πατησίων 94 & Κοδριγκτώνος 13, 104 34
Πελλήνης 8 & Πατησίων 107, 112 51
Τ: +30 210 8899600

MC Thessaloniki Campus Library
Ίωνος Δραγούμη 21, 54625 | Ίωνος Δραγούμη 15, 54625
Τ: +30 2310 287779 – Τ: +30 2314 440300